Rheology and basement control on extensional basin evolution in Central and Eastern Europe: Variscan and Alpine-Carpathian-Pannonian tectonics

Podrobná bibliografia
Hlavný autor: Kováč, Michal (Author)
Médium: Článok
Jazyk:English
Témy:
Zdroj: 1. Geologica carpathica 1. 1335-0552 1. Roč. 49, č. 3 (1998), s. 168
LEADER 01251nab#a2200289#ar4500
001 000045421
003 SVKKK
005 20061227151119.0
008 030729c1998 xo e engo
FMT
015 |a SNBRB1998/08-xxxxx 
038 |a SVKKK 
040 |a SVKKK  |b slo  |e AACR2 
041 0 |a eng 
044 |a xo  |c SK 
080 |a 551.242.3(048)  |2 1981 
100 1 |a Kováč, Michal  |4 aut 
242 1 0 |a Reológia a riadenie podložia v extenznej evolúcii brachysynklinál strednej a východnej Európy: varíska a alpínsko-karpatsko-panónska tektonika 
245 1 0 |a Rheology and basement control on extensional basin evolution in Central and Eastern Europe: Variscan and Alpine-Carpathian-Pannonian tectonics  |c Michal Kováč 
650 0 4 |a tektonika brachysynklinál  |x modelovanie evolúcie  |z Európa stredná a južná  |x monografie  |x recenzie 
773 0 |t Geologica carpathica  |x 1335-0552  |g Roč. 49, č. 3 (1998), s. 168 
787 0 8 |i Recenze na:  |a Lankreijer, Anne Cornelis  |t Rheology and basement control on extensional basin evolution in Central and Eastern Europe: Variscan and Alpine-Carpathian-Pannonian tectonics  |d Amsterdam : Vrije Universiteit, 1998 
958 |a RC 
974 |a 244  |d 19980811 
992 |a RBX 
BAS
998 |a GEO